| 000 | 00478cam a2200181ua 4500 | ||
|---|---|---|---|
| 020 | _c1.25 | ||
| 041 |
_amal _h |
||
| 082 |
_a894.81209 _bKRI/CH |
||
| 100 | _aKrishnapillai, Kuttippuzha . | ||
| 245 |
_aChinthatharangam / _cKuttippuzha Krishnapillai. _hTextual Documents |
||
| 250 |
_a1 / _b. |
||
| 260 |
_aKottayam : _bSahitya Pravarthaka Co-operative Society , _c1961. |
||
| 300 | _a90 ; . | ||
| 365 | _a1.25 | ||
| 504 | _a | ||
| 942 | _cBK | ||
| 999 |
_c12817 _d12817 |
||